Faktory ovplyvňujúce vzdelávacie voľby mladých zamestnancov smerom k informačno-komunikačným technológiám vo vybranom podniku diplomová práca
Na minha lista:
| Autor principal: | |
|---|---|
| Autor Corporativo: | |
| Outros Autores: | |
| Formato: | Livro |
| Idioma: | eslovaco |
| Publicado em: |
Bratislava
2025
|
| Tags: |
Sem tags, seja o primeiro a adicionar uma tag!
|
MARC
| LEADER | 00000nbm a2200000 4500 | ||
|---|---|---|---|
| 001 | 0309759 | ||
| 005 | 20260114093329.8 | ||
| 041 | 0 | |a slo | |
| 044 | |a SK | ||
| 245 | 1 | 0 | |a Faktory ovplyvňujúce vzdelávacie voľby mladých zamestnancov smerom k informačno-komunikačným technológiám vo vybranom podniku |b diplomová práca |c Tereza Zahurancová ; školiteľ: Róbert Hanák |
| 264 | 1 | |a Bratislava |c 2025 | |
| 300 | |a 72 s. | ||
| 100 | 1 | |a Zahurancová, Tereza | |
| 700 | 1 | |a Hanák, Róbert, 1979- | |
| 710 | 2 | |a Fakulta podnikového manažmentu EU. Katedra informačného manažmentu | |